00581nam a22001697a 450000500170000001000150001702000260003203500140005803700090007208200100008110000430009124500830013425000210021726000620023827000580030030000530035820241129161238.0 aHIN-128831 c195.00a9788190317756 aHN-101177 bDBAD a158.1 aमार्डेन, स्वेट aअवसर बीता जाये/cस्वेट मार्डेन aप्रथम  aहरियाणाbबेटर बुक्सc2021 a# 1471 - सेक्टर 15bहरियाणा a92 पृ.c22 सेमी (सजिल्द)